000 00688nam a2200229 i 4500
003 DO-SdBNP
005 20240412074010.0
006 a||||gr|||| 00| 0
007 ta
008 230704e1975 dr ||||| |||| 00| p pa d
040 _aDO-SdBNP
_bspa
_cBNPHU
_erda
082 4 _222
_aRD861.44
_bM671h
100 1 _aMir, Pedro,
_d1913-2000
_97245
245 1 3 _aEl huracán Neruda :
_belegía con una canción desesperada /
_cPedro Mir.
264 1 _aSanto Domingo :
_bTaller,
_c1945
300 _a[40] páginas ;
_c30 cm
336 _2rdaconten
_atexto
_btxt
337 _2rdamedia
_asin medición
_bn
338 _2rdacarrier
_avolumen
_bnc
590 _aInventariado 2023 / MF
942 _2ddc
_cLBS1
999 _c54087
_d54087